01989nam a2200361 i 45000010008000000030009000080050017000170070003000340080041000370200031000780400021001090410013001300720048001430800024001910800022002151000055002372400023002922450067003152640039003823000023004214900010004445000033004545200933004876550024014206550028014446550021014726550024014937000030015177100036015479100011015839520016015949990017016105224518CZ PrSKC20260402112720.0ta260326s2026 xr g 000 f cze  a9788027744848cKč 499,00 aABG001bczeerda1 aczeheng 7a821.111(73)-3xAmerická próza2Konspekt a821.111(73)-312MRF a(0:82-312.4)2MRF1 aBarker, J. D.q(Jonathan Dylan),d1971-4aut9748910aForsaken.lČesky10aProkletý deník /cJ.D. Barker ; přeložil Ondřej Duha 1aPraha :bDobrovský s.r.o.,c2026 a358 stran ;c21 cm1 aFobos aPřeloženo z angličtiny2 aČarodějnické procesy v Salemu jsou vděčné téma a nechá se jimi inspirovat i spisovatel Thad McAlister. Jako by mu jeho román někdo našeptával. Pak se ale začnou dít nevysvětlitelné zlovolné události kolem jeho rodiny a všichni se ocitají v ohrožení.bKdyž se autor hororů Thad McAlister pustil do psaní své nejnovější knihy vycházející z čarodějnických procesů v Massachusetts, plynula slova sama od sebe. Příběh se valil vpřed a zaplňoval stránku za stránkou skutky té nejděsivější postavy, kterou jeho představivost kdy stvořila. Bylo to jeho největší dílo, takové, které by mu zajistilo místo mezi legendami žánru. Šlo však skutečně o fikci? Neúmyslně otevřel dveře do světa, jenž měl brzy ohrozit životy jeho blízkých. Ona se chce vrátit... Nakladatelská anotace. Kráceno. 7aamerické romány 7ahorory (romány)91486 9aAmerican fiction 9ahorror novels914871 aDuha, Ondřej4trl926072 aDobrovský (firma)4pbl920424 aABG508 102udc400 c34134d34134